Регионална библиотека "Любен Каравелов" - Русе

Памятники Шипки (Запис номер 355022)

MARC детайли
000 -Лидер
Контролно поле с фиксирана дължина 01160nam a2200253 a 4500
003 - Код на организацията, давaща контролен номер
Контролно поле BLK
005 - Дата и час на последна редакция
Контролно поле 20250128125109.0
008 - Елементи от данни с фиксирана дължина
fixed length control field 200415b bu ||||| |||| 00| 0 bu d
040 ## - Източник на каталожния запис
Идентификатор на билиотеката - собственик на записа BLK
041 ## - Код за език
Код за езика на текст/звукозапис или на отделно заглавие Руски
Код за езика КДБФ Руски
080 ## - УДК
Текстов определител УДК Освобождение на България. Руско-турска война (1877-1878)
УДК код - определител по УДК 94(497.2)"1877/1878"
УДК - код + определител 94(497.2)"1877/1878"
100 1# - Редна дума - Автор
R(LIN) 137888
Автор Христов, Иван Георгиев
Авторска отговорност първи автор
139 ## - Редно поле
Редна дума Христов, Иван Георгиев
245 ## - Сведения за заглавието
Заглавие Памятники Шипки
Подзаглавни данни Путеводитель
Редно поле (дума) Иван Христов ; Пер. с болг. Наталии Дюлгеровой, Наталии Ерменковой.
257 ## - Страна на издаване
Страна на създаване/издаване България
260 ## - Област на издателските данни
9 (RLIN) 216188
Място на издаване, разпространение и проч. София
Име на издателя, разпространителя и проч. София-пресс
Година на издаване 1987
300 ## - Физическа характеристика
Страници 95 с.
Илюстрации и др. с цв. ил.
Размери/Мащаб 20 см
380 ## - Жанр
Жанр История
500 ## - Общи забележки
Забележка Ориг. загл. Паметниците на Шипка. - Офс. изд. - 5 600 тир.
650 #7 - Допълнително описание по предмет – тема
Основно описание – тема или топоним Руско-турска освободителна война 1877 - 1878 - паметници
Източник на редна или ключова дума
9 (RLIN) 170047
852 ## - Местоположение
Форматна сигнатура Цб 148614
Фондова буква Хранилище
999 ## - СИСТЕМНИ КОНТРОЛНИ НОМЕРА
Koha biblionumber 355022
Koha biblioitemnumber 355022
942 ## - АРТИКУЛИ
Вид на библиотечния материал Книги
Скрит в OPAC Не
Периодичен библиозапис Да
999 ## - СИСТЕМНИ КОНТРОЛНИ НОМЕРА
Koha biblioitemnumber 355022
944 ## - СЪЗДАВАНЕ И РЕДАКЦИЯ на ЗАПИСА
Служител, извършил регистрацията/редакцията 30560
Статус, дата на статуса Геновева Генчева
Наличности
Код за отписване Код за изгубен артикул Източник на класификационната схема Код за повреда Коз за рестрикции Код за отдаване Артикулен № Име на библиотеката - собственик Име на библиотеката, в която се намира в момента Статус (Текущо местоположение) Дата на вписване в системата Местоположение - отдел Цена в лева Инвентарен номер Систематично азбучна сигнатура Баркод Цена в евро Служебен тип на артикула
  Не е изгубен Universal Decimal Classification Не е повреден само за читалня ползва се в читалня 762087 Регионална библиотека "Любен Каравелов" Русе Регионална библиотека "Любен Каравелов" Русе Хранилище 2020-04-15 Хранилище 1.22 479016 Цб 148614 120000479016 0.62 Книги
Vip Innovations Ltd, Rousse, Bulgaria 2025